| 000 | 01750nam a2200349 i 4500 | ||
|---|---|---|---|
| 001 | 000020619 | ||
| 003 | DO-SdBNP | ||
| 005 | 20240305130443.0 | ||
| 007 | ta | ||
| 008 | 100811s2017 dr abc 000 0 spa d | ||
| 020 | _a9789945090000 | ||
| 040 |
_aDO-SdBNP _bspa _cBNPHU _erda |
||
| 082 | 4 |
_a320.97293 _bI73r _222 |
|
| 100 | 1 |
_aIsa Conde, Narciso, _d1942- _eautor _912387 |
|
| 245 | 1 | 0 |
_aSecretos, vivencias ... de lucha, vida y amor / _cNarciso Isa Conde. |
| 264 |
_aSanto Domingo : _bImpresur, _c2017. |
||
| 300 |
_a432 p. : _bilustraciones,fotos. mapas, retratos ; _c23 cm. |
||
| 336 |
_2rdacontent _atexto _btxt |
||
| 337 |
_2rdamedia _asin mediación _bn |
||
| 338 |
_2rdacarrier _avolumen _bnc |
||
| 500 | _aIncluye datos biográficos del autor en la contracubierta | ||
| 500 | _aLa biblioteca posee 1 ejemplar autografiado por el autor | ||
| 500 | _aIncluye índice onomásticos | ||
| 520 | _a"Este libro cuenta de 184 relatos y textos diversos que amena lectura que expresan vivencias políticas y humanas impactantes, develan secretos de clandestinidad, relaciones políticas y personales diversas,, situaciones inéditas, momentos excepcionales, denuncias valientes, actividades conspirativas, episodios de ternura y amor, preciados vínculos familiares y de amistad, e interesantes anécdotas con personalidades políticas del país, el continente y el mundo. | ||
| 590 | _aInventariado, 2020 /LP | ||
| 600 | 1 | 4 |
_aIsa Condne, Narciso, _d1942- _vRelatos personales _983806 |
| 650 | 4 |
_aSocialismo _zRepública Dominicana _979073 |
|
| 650 | 4 |
_aRevolución y socialismo _zAmérica Latina _983807 |
|
| 651 | 4 |
_aRepública Dominicana _xPolítica y gobierno _y1961- _9204 |
|
| 900 | _aValidado. Control de calidad MFF | ||
| 942 |
_2ddc _cLBS1 |
||
| 999 |
_c20123 _d20123 |
||